000 00755nam a22002295i 4500
001 175948
003 ES-MaACL
005 20250516183601.0
008 101202s1974 sp f |||| | spa d
020 _a84-387-0000-4
080 _a929 Chaikovskii, Petr Llich
080 _a78 Chaikovskii, Petr Llich
100 1 _aRuiz Tarazona, Andrés.
_9100932
245 1 0 _aTchaikovsky
_b: un alma atormentada /
_cAndrés Ruiz Tarazona.
260 _aMadrid :
_bReal Musical,
_cD. L. 1974.
300 _a95, [4] p. de lám. bl. y n. ;
_c16 cm.
490 1 _aMúsicos ;
_v1
600 0 4 _aChaikovskii, Piotr llich,
_d1840-1893
_937794
830 0 _aMúsicos ;
_v1
_9189862
852 _aES-MaACL
_j2268-F-1
_xOlim P-102
999 _c175948
_d175948